000 00287nam a22001337a 4500
008 181017b xxu||||| |||| 00| 0 eng d
020 _a9780060158842
041 _aeng
080 _a370
100 _a47
101 _aedu
245 _aWritng To Learn
_cWilliam.Z
942 _2udc
_cBK
999 _c49950
_d49950